00233nam a22000857a 4500008004100000082002100041245003800062260003800100300000900138230704b xxu||||| |||| 00| 0 eng d a342.07bMWA 1986 a1983 Election Petition Judgements aNairobibStellagraphics Ltdc1986 a232p